British Company Logos Quiz Stats

 Plays Quiz not verified by Sporcle

Challenge
Share
Tweet
Score 0/20 Timer 10:00
0 Plays Today
% Correct
HSBC
91.2%
Marks & Spencer
88.9%
Barclays PLC
87%
Tesco
85.9%
Costa Coffee
85.2%
Morrisons
85%
Sainsbury's
82.1%
NatWest
81.1%
British Airways
80.5%
Greggs
79.3%
% Correct
Vauxhall
78.7%
National Health Service
78.3%
Argos
77.4%
Little Chef
76.1%
Mini
75.8%
Pizza Express
68.6%
National Rail
64.7%
JobCentre Plus
51.7%
The co-operative
42.1%
Ladbrokes
36.4%

You're not logged in!

Compare scores with friends on all Sporcle quizzes.
OR
Log In

You Might Also Like...

Show Comments

Extras

Top Quizzes Today


Score Distribution

Your Account Isn't Verified!

In order to create a playlist on Sporcle, you need to verify the email address you used during registration. Go to your Sporcle Settings to finish the process.

Report this User

Report this user for behavior that violates our Community Guidelines.

Details: